000 00365nam a2200145Ia 4500
008 230917s9999||||xx |||||||||||||| ||und||
040 _e218148
_aMAIN
041 _aEnglish
082 _a352.054 P884S
100 _aPrakash, Anand
245 0 _aState and district administraiton
260 _aNew Delhi
_bWisdom Press
_c2013
300 _av, 282 p.
942 _cBK
999 _c166303
_d166303